000 00187nam a2200073Ia 4500
008 170817s9999 xx 000 0 und d
100 _aRastogi.Krashan Gopal
245 0 _aMatrraBhasha Hindi Shikshan
260 _bN.C.E.R.T
999 _c38139
_d38139